000 00407nam a2200133Ia 4500
008 100328s9999 xx 000 0 und d
082 _b56513
100 _aभोसले राजन
245 _aकथा कामजीवनाची.
260 _bदृष्टी
630 _aकथा कामजीवनाची.
730 _aकथा कामजीवनाची.
942 _cBOOK
999 _c543061
_d543058